000 00613nam a22001697a 4500
003 OSt
005 20171010095518.0
008 120816t xxu||||| |||| 00| 0 eng d
040 _aMMSU
_cULS
100 _aAgcaoili, Reynaldo D.
_912184
245 _aElectronic real property tax administration (e-RPTA) in Ilocos Norte: basis for policy formulation
_cReynaldo D. Agcaoili
260 _c2004
300 _axviii, 220 leaves
_c28 cm.
500 _aThesis (Ph.D. Rural Development) -- Mariano Marcos State University-Graduate School, Laoag City
504 _aBibliography: leaves 137-140
942 _2ddc
_cTHEDIS
999 _c9753
_d9753